00342nam a2200121Ia 4500008004100000100002300041245004900064260005000113300000800163650002700171942000700198999001500205190216s9999||||xx |||||||||||||| ||und|| aAbdul Assis Koroth 0aInformation Technology For Business Analysis bCalicut University Central Co-Operativec2009 a302 aInformation Technology cBK c9013d9013